| 000 | 00482nam a22001817a 4500 | ||
|---|---|---|---|
| 003 | dpl | ||
| 005 | 20180707180537.0 | ||
| 008 | 180707b xxu||||| |||| 00| 0 eng d | ||
| 020 |
_a8120205855 _c295.00 |
||
| 035 | _aB-167094 | ||
| 040 |
_aDPL _bEN _c0 |
||
| 082 | _aN | ||
| 100 | _aRamoowalial, Iqbal | ||
| 245 |
_aThe death of a passport/ _cby Iqbal Ramoowalia |
||
| 260 |
_aNew Delhi _bDiamond Pocket Books pvt ltd. |
||
| 300 |
_a239p; _c23cm.(HB) |
||
| 942 |
_2ddc _cEN _hN _mRAM |
||
| 999 |
_c153605 _d153605 |
||